| 000 | 00408nam a2200169Ia 4500 | ||
|---|---|---|---|
| 008 | 230524s9999 xx 000 0 und d | ||
| 020 | _a9788123918099 | ||
| 082 |
_a624.17 _bGHO |
||
| 100 | _aD.N.Ghose | ||
| 245 | 0 | _aCivil Engineering Drawing and Design | |
| 250 | _a2 | ||
| 260 |
_aNew Delhi _bCBS _c2012 |
||
| 300 | _a"1.1;32.40p," | ||
| 500 | _aQuantity Number: 49 | ||
| 650 | _aCivil | ||
| 942 | _cBK | ||
| 999 |
_c54199 _d54199 |
||